Development theories and growth models : modern economicdynamics : an exposition /

Bibliographic Details
Main Author: Sen, Rathindra P., 1951-
Format: Book
Language:English
Published: Ram Nagar, New Delhi : S. Chand, 1995
Subjects:
Classic Catalogue: View this record in Classic Catalogue
LEADER 00902nam a2200205 a 4500
001 13116709
008 091101s1995 ii a b 001 0 eng d
020 |a 8121908493 
040 |a NUNE  |b eng  |c NUNE 
082 0 0 |a 338.9/001/51  |2 20 
100 1 |a Sen, Rathindra P.,  |d 1951-  
245 1 0 |a Development theories and growth models :  |b modern economicdynamics : an exposition /  |c Rathindra P. Sen 
260 |a Ram Nagar, New Delhi :  |b S. Chand,  |c 1995 
300 |a 139 p. :  |b ill. ;  |c 23 cm  
504 |a Includes bibliographical references and index. 
541 1 |e 00008221 
651 0 |a Economic development  |x Mathematical models 
852 4 |a Ayesha Abed Library  |j General shelf 
999 |c 4993  |d 4993 
952 |0 0  |1 0  |2 ddc  |4 0  |6 338_900151000000000_SEN_1995  |7 0  |9 4817  |a BRACUL  |b BRACUL  |c GEN  |d 2009-11-02  |g 0.00  |l 1  |m 4  |o 338.900151 SEN  |p 3010008221  |r 2022-10-03  |s 2022-08-25  |t 1  |w 2009-11-02  |y BK  |x No price found in the accession register.